Vữa xơ động mạch

Na minha lista:
Detalhes bibliográficos
Autor principal: Phạm Khuê
Formato: Livro
Idioma:Undetermined
Publicado em: Hà Nội Y học 1984
Assuntos:
Tags: Adicionar Tag
Sem tags, seja o primeiro a adicionar uma tag!
Thư viện lưu trữ: Trung tâm Học liệu Trường Đại học Cần Thơ
LEADER 00503nam a2200181Ia 4500
001 CTU_7573
008 210402s9999 xx 000 0 und d
082 |a 616.1 
082 |b Kh507 
100 |a Phạm Khuê 
245 0 |a Vữa xơ động mạch 
245 0 |c Phạm Khuê 
260 |a Hà Nội 
260 |b Y học 
260 |c 1984 
650 |a cardiovascular system - diseases 
904 |i Nguyễn Huỳnh Mai, 960823 
980 |a Trung tâm Học liệu Trường Đại học Cần Thơ